Algebra universitaria

Bibliographic Details
Main Author: Swokowski, Earl W
Format: Section = Libro
Language:Undetermined
Spanish
Published: México Continental 1969
Subjects:
LEADER 00420nam a2200169Ia 4500
008 240829s9999 xx 000 0 und d
040 |a BIBLIOTECA-RUSB/ 512.9044 S976 
041 |a spa 
082 |a 512.9044 S976 
100 1 |a Swokowski, Earl W 
245 1 0 |a Algebra universitaria 
260 |a México  |b Continental  |c 1969 
300 |a 414 p. :il. 
650 7 |a ALGEBRA SUPERIOR 
942 |c BK  |2 ddc 
991 |a TEXTO 
999 |c 1529